[Event "Gibraltar Challengers A"]
[Site "Gibraltar"]
[Date "2019.01.23"]
[Round "3.24"]
[White "Cano Sevilla, Ivan"]
[Black "Lung, Liviu-Catalin"]
[Result "1-0"]
[WhiteElo "1950"]
[BlackElo "2036"]
[PlyCount "81"]
[EventDate "2019.01.21"]
[EventType "swiss"]
[EventRounds "5"]
[EventCountry "GGB"]

1. d4 Nf6 2. Bf4 c5 3. d5 d6 4. Nc3 e5 5. dxe6 Bxe6 6. e4 Nc6 7. Qd2 Be7 8.
O-O-O O-O 9. f3 Qa5 10. Kb1 Rfd8 11. Nd5 Qxd2 12. Rxd2 Bxd5 13. exd5 Ne5 14.
Nh3 Rab8 15. c4 a6 16. b3 b5 17. Bxe5 dxe5 18. Bd3 Nd7 19. Kc2 b4 20. Re1 g6
21. f4 f6 22. Rde2 a5 23. g4 a4 24. g5 axb3+ 25. axb3 Ra8 26. Kb2 fxg5 27. fxe5
Nxe5 28. Rxe5 Bf6 29. Kb1 Ra3 30. Bc2 Rda8 31. Kc1 Ra1+ 32. Bb1 R8a2 33. R5e2
Ra3 34. Kc2 Kg7 35. Nf2 Bd4 36. Ng4 Ra7 37. d6 h5 38. Re7+ Kf8 39. Rf1+ Kg8 40.
Nh6+ Kh8 41. Rf8# 1-0

[Event "Gibraltar Challengers A"]
[Site "Gibraltar"]
[Date "2019.01.23"]
[Round "3.25"]
[White "Obiamiwe, Paul"]
[Black "Sedgwick, David"]
[Result "0-1"]
[WhiteElo "1903"]
[BlackElo "2024"]
[PlyCount "81"]
[EventDate "2019.01.21"]
[EventType "swiss"]
[EventRounds "5"]
[EventCountry "GGB"]

1. Nf3 d5 2. d4 c5 3. c4 e6 4. cxd5 exd5 5. Nc3 Nf6 6. g3 Be7 7. Bg2 O-O 8. O-O
Nc6 9. Bg5 Be6 10. Rc1 Rc8 11. dxc5 d4 12. Nb5 h6 13. Bf4 Nd5 14. Bd6 Qa5 15.
Nbxd4 Bxd6 16. Nxe6 fxe6 17. cxd6 Rcd8 18. a3 Rd7 19. Nd2 Qd8 20. Ne4 Nf6 21.
Nc5 Rxd6 22. Qa4 Qe7 23. Nxb7 Nd4 24. Rfe1 Rd7 25. e3 Nf5 26. Nc5 Rd2 27. Qb3
Ng4 28. f3 Ne5 29. Qc3 Rxg2+ 30. Kxg2 Nxf3 31. Re2 Qf7 32. Qc4 Qh5 33. h3 Ne5
34. g4 Qg5 35. Qxe6+ Kh8 36. Ne4 Nxe3+ 37. Kg1 Nf3+ 38. Kh1 Qh4 39. g5 Nf5 40.
Kg2 N3d4 41. Qe5 0-1

[Event "Gibraltar Challengers A"]
[Site "Gibraltar"]
[Date "2019.01.23"]
[Round "3.27"]
[White "Tovarek, Antonin"]
[Black "Fischer, Gerd"]
[Result "1/2-1/2"]
[WhiteElo "1995"]
[BlackElo "1845"]
[PlyCount "50"]
[EventDate "2019.01.21"]
[EventType "swiss"]
[EventRounds "5"]
[EventCountry "GGB"]

1. e4 d6 2. d4 Nf6 3. Nc3 e5 4. Nf3 exd4 5. Nxd4 Be7 6. Be2 O-O 7. g4 d5 8. e5
Ne4 9. Nxe4 dxe4 10. Be3 Qd5 11. Nf5 Qxe5 12. Qd4 Bf6 13. Qxe5 Bxe5 14. Ne7+
Kh8 15. O-O-O Be6 16. f4 exf3 17. Bxf3 c6 18. Rd2 Nd7 19. Rhd1 Nb6 20. b3 g6
21. a4 Bf6 22. a5 Bxe7 23. axb6 axb6 24. Kb2 Bf6+ 25. Bd4 Bxd4+ 1/2-1/2

[Event "Gibraltar Challengers A"]
[Site "Gibraltar"]
[Date "2019.01.24"]
[Round "4.1"]
[White "Pinho, Paulo"]
[Black "Rodriguez Perez, Angel Mariano"]
[Result "1/2-1/2"]
[WhiteElo "2205"]
[BlackElo "2204"]
[PlyCount "44"]
[EventDate "2019.01.21"]
[EventType "swiss"]
[EventRounds "5"]
[EventCountry "GGB"]

1. d4 g6 2. c4 Bg7 3. e4 d6 4. Nc3 Nf6 5. Be2 O-O 6. Nf3 e5 7. O-O exd4 8. Nxd4
Re8 9. f3 Nc6 10. Be3 Nd7 11. Qd2 Nf8 12. Rad1 Nxd4 13. Bxd4 Bxd4+ 14. Qxd4 Ne6
15. Qd2 a5 16. f4 Nc5 17. Qd4 f5 18. e5 Ne6 19. Qf2 Nc5 20. Qd4 Ne6 21. Qe3 Nc5
22. Qd4 Ne6 1/2-1/2

[Event "Gibraltar Challengers A"]
[Site "Gibraltar"]
[Date "2019.01.24"]
[Round "4.2"]
[White "Lim, Zhuo Ren"]
[Black "Maisuradze, Nino"]
[Result "1-0"]
[WhiteElo "2178"]
[BlackElo "2215"]
[PlyCount "173"]
[EventDate "2019.01.21"]
[EventType "swiss"]
[EventRounds "5"]
[EventCountry "GGB"]

1. c4 e5 2. g3 Nc6 3. Bg2 g6 4. Nc3 Bg7 5. Nf3 Nge7 6. O-O d6 7. d3 h6 8. Rb1
a5 9. a3 Be6 10. b4 axb4 11. axb4 O-O 12. b5 Na5 13. Nd2 e4 14. Qc2 exd3 15.
Qxd3 Rb8 16. Bb2 c6 17. Rfc1 d5 18. cxd5 cxd5 19. e4 dxe4 20. Qxd8 Rfxd8 21.
Ncxe4 f5 22. Bxg7 Kxg7 23. Nc5 Bf7 24. Nf1 b6 25. Na6 Rbc8 26. Ne3 Nb3 27. Rxc8
Rxc8 28. Rd1 Rc1 29. Rxc1 Nxc1 30. Nc7 Ne2+ 31. Kf1 Nd4 32. Bb7 Kf8 33. Ba6 Be8
34. Nc4 f4 35. Nxb6 Nef5 36. Nbd5 f3 37. Nxe8 Kxe8 38. b6 Kd8 39. Bd3 Kc8 40.
Ba6+ Kb8 41. g4 Nd6 42. Ne7 g5 43. Ng8 Nf7 44. h3 Nc6 45. Bc4 Nfe5 46. Bd5 Kb7
47. Nxh6 Kxb6 48. Kg1 Nd4 49. Nf7 Nxf7 50. Bxf7 Kc5 51. Kh2 Ne2 52. h4 gxh4 53.
Kh3 Kd4 54. Kxh4 Ke5 55. g5 Nc3 56. g6 Kf6 57. Kg3 Ne4+ 58. Kxf3 Nd6 59. Kf4
Nc8 60. Ke4 Nd6+ 61. Kd5 Nf5 62. Ke4 Nd6+ 63. Kd4 Nf5+ 64. Kd5 Ne7+ 65. Kd6
Nf5+ 66. Kd5 Ne7+ 67. Ke4 Nc8 68. Kf3 Nd6 69. Kg4 Ne4 70. f3 Nd6 71. Kf4 Nc8
72. Kg3 Nd6 73. Kg4 Nf5 74. Kh5 Kg7 75. Kg5 Nd4 76. f4 Nf3+ 77. Kf5 Nh4+ 78.
Kg5 Nf3+ 79. Kh5 Kf6 80. Bd5 Nd4 81. Kh6 Nf5+ 82. Kh7 Ng7 83. Be4 Ne6 84. Kh6
Ng7 85. f5 Ne8 86. Bc6 Ng7 87. Bd7 1-0

[Event "Gibraltar Challengers A"]
[Site "Gibraltar"]
[Date "2019.01.24"]
[Round "4.3"]
[White "Pavlov, Egor"]
[Black "Abdulraheem, Abdulrahman Akintoy"]
[Result "0-1"]
[WhiteElo "2187"]
[BlackElo "2224"]
[PlyCount "60"]
[EventDate "2019.01.21"]
[EventType "swiss"]
[EventRounds "5"]
[EventCountry "GGB"]

1. c4 e5 2. Nc3 Bb4 3. Qb3 a5 4. a3 Bxc3 5. Qxc3 d6 6. g3 Ne7 7. Bg2 O-O 8. b3
Nbc6 9. e3 Bf5 10. e4 Bg4 11. h3 Bd7 12. Ne2 Qc8 13. Bb2 f5 14. d3 Rf6 15. f3
Qb8 16. O-O Qc8 17. g4 f4 18. b4 Ng6 19. b5 Nce7 20. d4 c5 21. dxe5 Nxe5 22.
Rad1 N7g6 23. g5 Rf7 24. Rxd6 Bxh3 25. Rd5 Nh4 26. Nxf4 Bxg2 27. Nxg2 Nhxf3+
28. Rxf3 Nxf3+ 29. Kf2 Nd4+ 30. Ke1 Qg4 0-1

[Event "Gibraltar Challengers A"]
[Site "Gibraltar"]
[Date "2019.01.24"]
[Round "4.4"]
[White "Torres, Federico"]
[Black "Tworzydlo, Piotr"]
[Result "0-1"]
[WhiteElo "2196"]
[BlackElo "2165"]
[PlyCount "77"]
[EventDate "2019.01.21"]
[EventType "swiss"]
[EventRounds "5"]
[EventCountry "GGB"]

1. c3 Nf6 2. Nf3 b6 3. g3 Bb7 4. Bg2 e6 5. O-O Be7 6. d3 d5 7. Nbd2 O-O 8. e4
dxe4 9. Ng5 Qxd3 10. Ndxe4 Qa6 11. Bf4 Nxe4 12. Nxe4 Bc6 13. Bxc7 Qb7 14. Bd6
Rd8 15. Qd4 Na6 16. Qe5 Bxd6 17. Nxd6 Rxd6 18. Qxd6 Bxg2 19. Rfd1 h6 20. Qd7
Qxd7 21. Rxd7 Bf3 22. b4 Kf8 23. Re1 Bc6 24. Rd4 Rc8 25. a3 Bd5 26. Rd3 Rc4 27.
a4 f5 28. f4 Kf7 29. h4 Nc7 30. Kf2 Ne8 31. Ke2 Nd6 32. Kd2 Kf6 33. Kc1 a5 34.
bxa5 bxa5 35. Kb2 Rxa4 36. Rd4 Nc4+ 37. Kb1 Ra3 38. Kc2 Ra2+ 39. Kc1 0-1

[Event "Gibraltar Challengers A"]
[Site "Gibraltar"]
[Date "2019.01.24"]
[Round "4.5"]
[White "Lacrosse, Marc"]
[Black "Castrillon Gomez, Melissa"]
[Result "1/2-1/2"]
[WhiteElo "2182"]
[BlackElo "2244"]
[PlyCount "92"]
[EventDate "2019.01.21"]
[EventType "swiss"]
[EventRounds "5"]
[EventCountry "GGB"]

1. d4 d5 2. c4 e6 3. Nf3 c6 4. Qc2 f5 5. g3 Nf6 6. Bg2 Bd6 7. O-O O-O 8. b3 Qe7
9. Bb2 Ne4 10. Nbd2 Nd7 11. Ne5 a5 12. Rad1 Nxe5 13. dxe5 Bc5 14. e3 Bd7 15.
Rc1 Bb4 16. Nxe4 fxe4 17. Rfd1 Be8 18. c5 a4 19. Rd4 axb3 20. axb3 Ba3 21. Ra1
Bxb2 22. Rxa8 Bxd4 23. exd4 Qg5 24. Qc3 Qh5 25. Qd2 h6 26. h4 Qf5 27. Rb8 Kh7
28. Qf4 g5 29. Rxb7+ Rf7 30. Rxf7+ Bxf7 31. Qxf5+ exf5 32. hxg5 hxg5 33. f4 Kg6
34. Bf1 Be6 35. Kf2 g4 36. b4 Kf7 37. b5 cxb5 38. Bxb5 Ke7 39. Ke3 Kd8 40. Kd2
Bd7 41. Bxd7 Kxd7 42. Kc3 Kd8 43. Kb3 Ke7 44. c6 Ke6 45. Kb4 Ke7 46. Kc3 Ke6
1/2-1/2

[Event "Gibraltar Challengers A"]
[Site "Gibraltar"]
[Date "2019.01.24"]
[Round "4.6"]
[White "Villar Reymundo, Juan Antonio"]
[Black "Gonzalez Gonzalez, Alfonso"]
[Result "0-1"]
[WhiteElo "2237"]
[BlackElo "2160"]
[PlyCount "102"]
[EventDate "2019.01.21"]
[EventType "swiss"]
[EventRounds "5"]
[EventCountry "GGB"]

1. d4 e6 2. Nf3 b6 3. g3 Bb7 4. Bg2 f5 5. O-O Nf6 6. c4 a5 7. Nc3 Bb4 8. d5
Bxc3 9. bxc3 O-O 10. Ba3 Re8 11. Nd4 Qc8 12. Rb1 Ne4 13. Qc2 Na6 14. f3 Nec5
15. e4 Qd8 16. Rbe1 g6 17. exf5 gxf5 18. Bc1 Qf6 19. f4 Ne4 20. dxe6 dxe6 21.
Be3 Rad8 22. Rc1 c5 23. Nf3 Nb8 24. g4 Rd6 25. Ne5 Nd7 26. g5 Qg7 27. Ng4 Nf8
28. Rfd1 Red8 29. Rxd6 Rxd6 30. Bxe4 Bxe4 31. Nf6+ Qxf6 32. Qxe4 fxe4 33. gxf6
Kf7 34. Kf2 Kxf6 35. Ke2 Ng6 36. Rg1 Rd3 37. Bd2 Rh3 38. Rb1 Kf5 39. Rxb6 Nxf4+
40. Kf1 Rxh2 41. Be3 Kg4 42. Rb8 Kf3 43. Bxc5 e3 44. Kg1 Rxa2 45. Bxe3 Kxe3 46.
c5 Rc2 47. Rb3 Ne2+ 48. Kh2 Nxc3+ 49. Kg3 Kd4 50. c6 Nd5 51. Ra3 Rc3+ 0-1

[Event "Gibraltar Challengers A"]
[Site "Gibraltar"]
[Date "2019.01.24"]
[Round "4.7"]
[White "Vinal Gutierrez, Pedro"]
[Black "Meszaros, Andras"]
[Result "0-1"]
[WhiteElo "1997"]
[BlackElo "2226"]
[PlyCount "50"]
[EventDate "2019.01.21"]
[EventType "swiss"]
[EventRounds "5"]
[EventCountry "GGB"]

1. d4 g6 2. Bf4 Bg7 3. e3 d6 4. Nf3 Nd7 5. Bc4 h6 6. c3 e5 7. dxe5 dxe5 8. Bg3
Qe7 9. Qb3 Nb6 10. Nxe5 Bxe5 11. Bxe5 Qxe5 12. Bxf7+ Kf8 13. Bxg6 Be6 14. Qc2
Nf6 15. Nd2 Qg5 16. f4 Qxg2 17. O-O-O Rd8 18. c4 Nxc4 19. Nxc4 Qxc2+ 20. Kxc2
Rxd1 21. Rxd1 Bxc4 22. b3 Bd5 23. Kd3 Rg8 24. Bf5 Ke7 25. e4 Bxe4+ 0-1

[Event "Gibraltar Challengers A"]
[Site "Gibraltar"]
[Date "2019.01.24"]
[Round "4.8"]
[White "Longa Yauca, Javier"]
[Black "Crespo, Eugenio"]
[Result "1-0"]
[WhiteElo "2226"]
[BlackElo "2169"]
[PlyCount "59"]
[EventDate "2019.01.21"]
[EventType "swiss"]
[EventRounds "5"]
[EventCountry "GGB"]

1. d4 Nf6 2. c4 e6 3. Nf3 d5 4. Bg5 Be7 5. e3 h6 6. Bxf6 Bxf6 7. Nc3 c6 8. Qc2
Nd7 9. O-O-O a5 10. Kb1 Nb6 11. Ne5 dxc4 12. Nxc4 Nxc4 13. Bxc4 b5 14. Bd3 Qb6
15. f4 Be7 16. Rc1 f5 17. g4 O-O 18. Rhg1 a4 19. gxf5 exf5 20. Rg6 Rf6 21. Rcg1
Rxg6 22. Rxg6 Qd8 23. Bxf5 c5 24. Bxc8 Rxc8 25. Qg2 Bf8 26. d5 a3 27. d6 axb2
28. Rxh6 Qe8 29. Qd5+ Qf7 30. Rh8+ 1-0

[Event "Gibraltar Challengers A"]
[Site "Gibraltar"]
[Date "2019.01.24"]
[Round "4.9"]
[White "Elishev, Ivan"]
[Black "Kandic, Milan"]
[Result "0-1"]
[WhiteElo "2224"]
[BlackElo "2136"]
[PlyCount "64"]
[EventDate "2019.01.21"]
[EventType "swiss"]
[EventRounds "5"]
[EventCountry "GGB"]

1. d4 d6 2. e4 Nf6 3. Nc3 e5 4. Nf3 Nbd7 5. g4 Nxg4 6. Rg1 Ngf6 7. Be3 h6 8.
Bc4 g5 9. Qd2 Nb6 10. Bb3 Bg4 11. dxe5 Bxf3 12. exf6 c6 13. Rg3 g4 14. Bxb6
Qxb6 15. Qf4 Qc5 16. Rxf3 gxf3 17. Qxf3 Qg5 18. Rd1 h5 19. Kf1 Rg8 20. Rd3 Qg1+
21. Ke2 Qg4 22. h3 Qxf3+ 23. Rxf3 Rg5 24. Rg3 Bh6 25. h4 Rxg3 26. fxg3 Kf8 27.
Kf3 Bc1 28. Nd1 b5 29. g4 hxg4+ 30. Kxg4 Re8 31. Kf3 Re5 32. c3 Rh5 0-1

[Event "Gibraltar Challengers A"]
[Site "Gibraltar"]
[Date "2019.01.24"]
[Round "4.10"]
[White "Carrascoso Morales, Abel"]
[Black "Janiszewski, Maciej"]
[Result "1/2-1/2"]
[WhiteElo "2219"]
[BlackElo "2146"]
[PlyCount "118"]
[EventDate "2019.01.21"]
[EventType "swiss"]
[EventRounds "5"]
[EventCountry "GGB"]

1. Nf3 Nc6 2. e4 d5 3. exd5 Qxd5 4. Nc3 Qh5 5. Be2 Bg4 6. d4 O-O-O 7. Be3 Nf6
8. h3 e5 9. Rg1 Nxd4 10. Bxd4 Bxf3 11. Bxf3 Qh4 12. Bxb7+ Kxb7 13. Qf3+ c6 14.
Be3 Bb4 15. g4 e4 16. Qg3 Qxg3 17. Rxg3 Bxc3+ 18. bxc3 Nd5 19. Rb1+ Ka8 20. Bd4
Rhg8 21. c4 Nb4 22. Rxb4 Rxd4 23. c3 Rd7 24. Re3 Re8 25. c5 Rde7 26. Kf1 Re5
27. Rc4 g6 28. Kg2 h5 29. gxh5 g5 30. Rg3 f6 31. h6 Kb7 32. h7 Rh8 33. Rg4 e3
34. fxe3 Rxe3 35. Rb4+ Kc7 36. Ra4 Kb7 37. Rgb4+ Ka8 38. Re4 Rxe4 39. Rxe4 Rxh7
40. Re6 Rf7 41. Rxc6 Kb7 42. Re6 Rc7 43. Rxf6 Rxc5 44. Rf3 Kb6 45. Kf1 Kb5 46.
Ke2 Kc4 47. Rg3 Ra5 48. Kd1 Rxa2 49. Rxg5 a5 50. Kc1 a4 51. Kb1 Rh2 52. Ra5
Kxc3 53. Rc5+ Kb3 54. Rc1 Rxh3 55. Rg1 Rc3 56. Rh1 a3 57. Rg1 a2+ 58. Ka1 Ka3
59. Rg3 Rxg3 1/2-1/2

[Event "Gibraltar Challengers A"]
[Site "Gibraltar"]
[Date "2019.01.24"]
[Round "4.11"]
[White "Lucas Vega, Ivan"]
[Black "Cao Armillas, Jesus"]
[Result "1-0"]
[WhiteElo "2203"]
[BlackElo "2048"]
[PlyCount "99"]
[EventDate "2019.01.21"]
[EventType "swiss"]
[EventRounds "5"]
[EventCountry "GGB"]

1. e4 c5 2. Nf3 d6 3. d4 cxd4 4. Nxd4 Nf6 5. Nc3 a6 6. h3 e6 7. g4 Nc6 8. Be3
Be7 9. Qd2 Qc7 10. Bg2 h6 11. f4 Nxd4 12. Bxd4 e5 13. Be3 Be6 14. f5 Bd7 15.
O-O-O Rc8 16. g5 hxg5 17. Bxg5 Bc6 18. Kb1 b5 19. Bxf6 gxf6 20. Qe2 Bf8 21. Bf3
Bh6 22. Nd5 Bxd5 23. Rxd5 Ke7 24. Rhd1 Bg5 25. Bg4 Qb6 26. a4 Rc5 27. a5 Qc7
28. Qd3 Rxd5 29. Qxd5 Rc8 30. c3 Qc6 31. Qd3 Qc5 32. Be2 Rc6 33. Qd5 Qxd5 34.
Rxd5 Kd7 35. Kc2 Rc5 36. Rd1 Rc8 37. b4 Bh4 38. Kb3 Bf2 39. c4 Rh8 40. cxb5
Rxh3+ 41. Ka4 axb5+ 42. Bxb5+ Kc7 43. Rc1+ Kb8 44. Bc4 Bd4 45. Bd5 Rc3 46. Rxc3
Bxc3 47. b5 Ka7 48. b6+ Ka6 49. Bc4+ Kb7 50. Kb5 1-0

[Event "Gibraltar Challengers A"]
[Site "Gibraltar"]
[Date "2019.01.24"]
[Round "4.12"]
[White "Verneuil, Pascal"]
[Black "Onabogun, Kolade"]
[Result "0-1"]
[WhiteElo "2114"]
[BlackElo "2189"]
[PlyCount "156"]
[EventDate "2019.01.21"]
[EventType "swiss"]
[EventRounds "5"]
[EventCountry "GGB"]

1. e4 c5 2. Nc3 Nc6 3. Bb5 g6 4. Bxc6 dxc6 5. d3 e5 6. Be3 b6 7. Nge2 Bg7 8.
Qd2 h6 9. f4 Nf6 10. h3 exf4 11. Bxf4 Nd7 12. O-O-O Qe7 13. Kb1 Bb7 14. Rhf1
O-O-O 15. Qe3 Ne5 16. Qf2 Rd7 17. g4 h5 18. g5 Qe6 19. Qe3 Re8 20. Bh2 Ba6 21.
Qg3 Kb7 22. Nf4 Qe7 23. Rf2 Qd8 24. Nfe2 b5 25. Qe3 Bf8 26. Rdf1 Qc7 27. Nc1
Kc8 28. Nb3 c4 29. d4 cxb3 30. Bxe5 Bd6 31. Bf6 b4 32. Ne2 bxc2+ 33. Kxc2 c5
34. Kb1 Qb7 35. e5 cxd4 36. Rc1+ Rc7 37. Nxd4 Kb8 38. Rfc2 Rxc2 39. Rxc2 Bb5
40. Qg3 Qh1+ 41. Rc1 Qe4+ 42. Ka1 Bxe5 43. Bxe5+ Qxe5 44. Qg1 Bd7 45. Qd1 Rc8
46. Rxc8+ Kxc8 47. Qd2 Qd5 48. Qc1+ Kd8 49. Nc2 Qc4 50. Qd1 b3 51. Na3 Qc5 52.
axb3 Qxg5 53. Qd4 Qa5 54. Qd6 Qe1+ 55. Ka2 Qe6 56. Qb8+ Ke7 57. Nc4 Qa6+ 58.
Na3 Bxh3 59. Qb4+ Qd6 60. Qh4+ Kf8 61. Qxh3 Kg7 62. Nc4 Qf4 63. Ne3 h4 64. Nf1
f5 65. Qc3+ Kh6 66. Ne3 Kg5 67. Nd5 Qd6 68. Qd2+ f4 69. Qg2+ Kf5 70. Qf3 g5 71.
Ne3+ Kg6 72. Ng4 Qa6+ 73. Kb1 Qe6 74. Qd1 f3 75. Nf2 Qf5+ 76. Ka2 g4 77. Qd6+
Kh5 78. Nd3 g3 0-1

[Event "Gibraltar Challengers A"]
[Site "Gibraltar"]
[Date "2019.01.24"]
[Round "4.14"]
[White "Sedgwick, David"]
[Black "Janse, Jan Jaap"]
[Result "0-1"]
[WhiteElo "2024"]
[BlackElo "2222"]
[PlyCount "72"]
[EventDate "2019.01.21"]
[EventType "swiss"]
[EventRounds "5"]
[EventCountry "GGB"]

1. e4 c6 2. d4 d5 3. Nc3 g6 4. e5 h5 5. Bd3 Nh6 6. Nf3 Bg7 7. Bg5 Nf5 8. Bxf5
Bxf5 9. Qd2 Nd7 10. Nh4 Be6 11. Qd3 Nf8 12. Ne2 Qd7 13. Ng3 O-O-O 14. Qa3 f6
15. exf6 exf6 16. Bd2 Kb8 17. f4 Bg4 18. O-O f5 19. h3 Bf6 20. hxg4 hxg4 21.
Nf3 gxf3 22. Rxf3 Bxd4+ 23. Be3 Bxe3+ 24. Rxe3 Ne6 25. Rae1 Nc7 26. Re7 Qd6 27.
Qxd6 Rxd6 28. R1e5 d4 29. Rg7 Nd5 30. Ne2 c5 31. Kf2 Rhd8 32. c4 Nf6 33. Ree7
Rb6 34. b3 Ne4+ 35. Kf3 d3 36. Nd4 cxd4 0-1

[Event "Gibraltar Challengers A"]
[Site "Gibraltar"]
[Date "2019.01.24"]
[Round "4.16"]
[White "Alarcon Olmos, Daniel"]
[Black "Skutta, Bernd"]
[Result "0-1"]
[WhiteElo "2124"]
[BlackElo "1988"]
[PlyCount "79"]
[EventDate "2019.01.21"]
[EventType "swiss"]
[EventRounds "5"]
[EventCountry "GGB"]

1. e4 d6 2. c4 e5 3. Ne2 c5 4. g3 Bg4 5. Bg2 Qd7 6. h3 Be6 7. d3 Nc6 8. Nbc3
Nge7 9. Nd5 Nd4 10. Nxd4 exd4 11. f4 f5 12. g4 fxg4 13. f5 Bxd5 14. cxd5 g3 15.
h4 Ng8 16. Bf4 Be7 17. Bxg3 Nh6 18. Bf4 Nf7 19. Bf3 Qd8 20. Qa4+ Qd7 21. Qb3
O-O 22. Qc2 Bf6 23. Bh5 Ne5 24. Rd1 b5 25. Bxe5 Bxe5 26. Qf2 Rac8 27. Rg1 c4
28. Bg4 Bf6 29. dxc4 Rxc4 30. b3 Rc3 31. Rxd4 Qd8 32. Kd2 Qa5 33. Kd1 Rfc8 34.
Rd2 Bxh4 35. Qxh4 Rc1+ 36. Ke2 Rxg1 37. Bf3 Rcc1 38. f6 gxf6 39. Bg4 Rg2+ 40.
Kf3 0-1

[Event "Gibraltar Challengers A"]
[Site "Gibraltar"]
[Date "2019.01.24"]
[Round "4.17"]
[White "Crocker, Philip J"]
[Black "Cano Sevilla, Ivan"]
[Result "1/2-1/2"]
[WhiteElo "2109"]
[BlackElo "1950"]
[PlyCount "127"]
[EventDate "2019.01.21"]
[EventType "swiss"]
[EventRounds "5"]
[EventCountry "GGB"]

1. c4 c5 2. g3 g6 3. Bg2 Bg7 4. Nc3 Nc6 5. Nf3 e5 6. O-O d6 7. a3 Nge7 8. b4
O-O 9. Rb1 f5 10. Ne1 Rb8 11. d3 Be6 12. Nc2 b6 13. Ne3 Qd7 14. Bd2 f4 15. Ned5
g5 16. b5 Nd4 17. Nxe7+ Qxe7 18. e3 Nf5 19. Nd5 Qf7 20. exf4 gxf4 21. Kh1 Kh8
22. Be4 Nd4 23. gxf4 h5 24. Rg1 Bg4 25. Rxg4 hxg4 26. Qxg4 Nf5 27. Rg1 Rb7 28.
fxe5 Bxe5 29. Ne3 Qh7 30. f4 Rg7 31. Bxf5 Rxg4 32. Bxh7 Rgxf4 33. Be4 Rf2 34.
Rg2 Bd4 35. Bc1 Rf1+ 36. Rg1 Rxc1 37. Rxc1 Bxe3 38. Rc2 Rf1+ 39. Kg2 Ra1 40.
Kf3 Bd4 41. Kg4 Rxa3 42. Kf5 Ra1 43. Ke6 Be5 44. Rf2 Rg1 45. Rf8+ Rg8 46. Rxg8+
Kxg8 47. h4 Kg7 48. h5 Kf8 49. Kd7 Kf7 50. h6 Bf4 51. h7 Be5 52. Bd5+ Kf8 53.
Bc6 Kf7 54. h8=Q Bxh8 55. Kxd6 Bd4 56. Kc7 Ke7 57. Kb7 Kd8 58. Kxa7 Kc7 59. Ka6
Bg1 60. Be4 Bd4 61. Ka7 Bg1 62. Bf3 Bd4 63. Be4 Bg1 64. Bf3 1/2-1/2

[Event "Gibraltar Challengers A"]
[Site "Gibraltar"]
[Date "2019.01.24"]
[Round "4.18"]
[White "Nandi, Robin J"]
[Black "Hamer, Martyn"]
[Result "0-1"]
[WhiteElo "1903"]
[BlackElo "2046"]
[PlyCount "98"]
[EventDate "2019.01.21"]
[EventType "swiss"]
[EventRounds "5"]
[EventCountry "GGB"]

1. e4 e5 2. Nf3 Nc6 3. Bb5 a6 4. Ba4 d6 5. c3 Bd7 6. d4 g6 7. O-O Bg7 8. Re1
Nf6 9. Nbd2 O-O 10. Bxc6 Bxc6 11. dxe5 dxe5 12. Nxe5 Bxe4 13. Nxe4 Nxe4 14. Bf4
Nc5 15. Qf3 Qf6 16. Qe3 Ne6 17. Bh6 Rfd8 18. Ng4 Qf5 19. Bxg7 Kxg7 20. Qh6+ Kh8
21. h3 Rd5 22. Ne3 Qg5 23. Qxg5 Rxg5 24. Rad1 Kg7 25. Rd7 Rd8 26. Red1 Rxd7 27.
Rxd7 Rc5 28. c4 a5 29. a3 a4 30. Rd5 c6 31. Rxc5 Nxc5 32. Kf1 Kf6 33. Ke2 Ke5
34. Nc2 f5 35. Ke3 f4+ 36. Ke2 g5 37. f3 Ne6 38. Kd3 c5 39. Kc3 Ng7 40. b3 axb3
41. Kxb3 Nf5 42. Kc3 h5 43. Ne1 Ne3 44. Nd3+ Kd6 45. h4 gxh4 46. Nxf4 Nxg2 47.
Nxg2 h3 48. Ne3 Ke5 49. Nf1 Kf4 0-1

[Event "Gibraltar Challengers A"]
[Site "Gibraltar"]
[Date "2019.01.24"]
[Round "4.19"]
[White "Bengherabi, Khalil"]
[Black "Erdogan, Hassan"]
[Result "1-0"]
[WhiteElo "2150"]
[BlackElo "1833"]
[PlyCount "98"]
[EventDate "2019.01.21"]
[EventType "swiss"]
[EventRounds "5"]
[EventCountry "GGB"]

1. e4 c5 2. Nf3 g6 3. d4 cxd4 4. Qxd4 Nf6 5. Nc3 Nc6 6. Qa4 d6 7. e5 dxe5 8.
Nxe5 Bd7 9. Nxd7 Nxd7 10. Be2 Bg7 11. O-O Nb6 12. Qh4 e6 13. Bg5 f6 14. Be3 O-O
15. Bc5 Rf7 16. Nb5 f5 17. Qxd8+ Rxd8 18. Nxa7 Na4 19. Nxc6 bxc6 20. Ba3 Rfd7
21. Bc4 Rd2 22. Bxe6+ Kh8 23. Rab1 Bd4 24. Bb3 Nc5 25. c3 Nxb3 26. cxd4 Nxd4
27. Rfe1 Nc2 28. Be7 Nxe1 29. Bxd8 Nf3+ 30. gxf3 Rxd8 31. a4 Ra8 32. Ra1 Kg7
33. Kf1 f4 34. Ke2 Kf6 35. Kd3 Kg5 36. a5 Kh4 37. a6 Kh3 38. Ke4 g5 39. Kf5 h6
40. Kg6 Kg2 41. Ra3 Kxf2 42. Kxh6 g4 43. fxg4 f3 44. g5 Ke2 45. b4 f2 46. Ra2+
Ke3 47. Rxf2 Kxf2 48. g6 Rxa6 49. g7 Ra8 1-0

[Event "Gibraltar Challengers A"]
[Site "Gibraltar"]
[Date "2019.01.24"]
[Round "4.21"]
[White "Ramasindraibe, Girard"]
[Black "Tovarek, Antonin"]
[Result "1-0"]
[WhiteElo "2129"]
[BlackElo "1995"]
[PlyCount "71"]
[EventDate "2019.01.21"]
[EventType "swiss"]
[EventRounds "5"]
[EventCountry "GGB"]

1. c4 e5 2. Nc3 Nc6 3. g3 g6 4. Bg2 Bg7 5. Nf3 d6 6. d3 Nge7 7. Rb1 O-O 8. O-O
h6 9. Bd2 Be6 10. b4 Qc8 11. Re1 f5 12. Qc1 Kh7 13. b5 Nd8 14. Nh4 Nf7 15. a4
g5 16. Nf3 g4 17. Nh4 Bf6 18. a5 Rb8 19. Nd5 Bxh4 20. gxh4 Ng8 21. c5 Bxd5 22.
Bxd5 Qd8 23. cxd6 cxd6 24. b6 axb6 25. Rxb6 Qxh4 26. Qc7 Rbc8 27. Qxb7 Ne7 28.
Bxf7 Rxf7 29. Rxd6 f4 30. Qe4+ Rf5 31. Re6 Rg8 32. Rxe7+ Qxe7 33. Qxf5+ Rg6 34.
Rc1 g3 35. Rc6 gxh2+ 36. Kh1 1-0

[Event "Gibraltar Challengers A"]
[Site "Gibraltar"]
[Date "2019.01.24"]
[Round "4.23"]
[White "Fischer, Gerd"]
[Black "Suez-Panama, Gilles"]
[Result "0-1"]
[WhiteElo "1845"]
[BlackElo "2078"]
[PlyCount "84"]
[EventDate "2019.01.21"]
[EventType "swiss"]
[EventRounds "5"]
[EventCountry "GGB"]

1. d4 Nf6 2. c4 g6 3. Nc3 Bg7 4. e4 d6 5. h3 O-O 6. Be3 b6 7. Nf3 Bb7 8. Qc2 c5
9. d5 Na6 10. Be2 Nd7 11. O-O Nc7 12. Nd2 e5 13. Bd3 Nf6 14. Be2 Nfe8 15. Bd3
Bc8 16. Rae1 Qh4 17. Nf3 Qe7 18. Nd2 Qh4 19. Nf3 Qd8 20. Nd2 Bd7 21. f4 Bh6 22.
f5 Bxe3+ 23. Rxe3 g5 24. g4 f6 25. Ndb1 Ng7 26. Qh2 Kf7 27. h4 h6 28. Rh3 Rh8
29. Rff3 h5 30. Rfg3 hxg4 31. Rxg4 Rxh4 32. Rgxh4 gxh4 33. Rxh4 Qg8 34. Rh7 Rf8
35. Qh5+ Ke7 36. Qg6 Nce8 37. Kf2 Qf7 38. Qh6 Rg8 39. Be2 Kd8 40. Nd2 Nc7 41.
Nf1 Qf8 42. Ng3 Nge8 0-1

[Event "Gibraltar Challengers A"]
[Site "Gibraltar"]
[Date "2019.01.25"]
[Round "5.1"]
[White "Rodriguez Perez, Angel Mariano"]
[Black "Lim, Zhuo Ren"]
[Result "1/2-1/2"]
[WhiteElo "2204"]
[BlackElo "2178"]
[PlyCount "30"]
[EventDate "2019.01.21"]
[EventType "swiss"]
[EventRounds "5"]
[EventCountry "GGB"]

1. e4 c5 2. Nc3 g6 3. g3 Bg7 4. Bg2 Nc6 5. d3 d6 6. Nf3 Nf6 7. O-O O-O 8. Bd2
Bd7 9. Qc1 Qc8 10. Bh6 Bh3 11. Bxg7 Kxg7 12. Qe3 Bxg2 13. Kxg2 e5 14. Qd2 Nd4
15. Nxd4 cxd4 1/2-1/2

[Event "Gibraltar Challengers A"]
[Site "Gibraltar"]
[Date "2019.01.25"]
[Round "5.2"]
[White "Abdulraheem, Abdulrahman Akintoy"]
[Black "Pinho, Paulo"]
[Result "1-0"]
[WhiteElo "2224"]
[BlackElo "2205"]
[PlyCount "99"]
[EventDate "2019.01.21"]
[EventType "swiss"]
[EventRounds "5"]
[EventCountry "GGB"]

1. Nf3 Nf6 2. c4 g6 3. Nc3 Bg7 4. e4 O-O 5. d4 d6 6. Be2 e5 7. O-O Nc6 8. d5
Ne7 9. b4 Nh5 10. c5 a5 11. cxd6 cxd6 12. bxa5 Nf4 13. Bd2 Bh6 14. g3 Nxe2+ 15.
Qxe2 Bxd2 16. Nxd2 Rxa5 17. Nc4 Ra6 18. f4 Bh3 19. Rf2 f6 20. Rb1 Qc7 21. fxe5
fxe5 22. Rxf8+ Kxf8 23. Nb5 Qc5+ 24. Qf2+ Qxf2+ 25. Kxf2 Rxa2+ 26. Kf3 h5 27.
Nbxd6 Bg4+ 28. Ke3 Re2+ 29. Kd3 Rxh2 30. Nxe5 Rg2 31. Nxg4 hxg4 32. Rf1+ Kg8
33. Nxb7 Rxg3+ 34. Kd4 Rf3 35. Rxf3 gxf3 36. Ke3 Kf7 37. Nd6+ Kf6 38. Nc4 g5
39. Kxf3 Ng6 40. Kg4 Ne7 41. e5+ Kf7 42. d6 Nc6 43. Kf5 Nd8 44. Ne3 Ne6 45. Ng4
Ng7+ 46. Ke4 Ke6 47. Kd4 Kf5 48. Kd5 Ne8 49. Ne3+ Kf4 50. d7 1-0